000 00745nam a2200265Ia 4500
003 OSt
005 20221007071809.0
006 a|||||r|||| 00| 0
007 ta
008 221006b |||||||| |||| 00| 0 eng d
024 _a5,255
037 _cTextual
040 _aFLL
_cFLL
_beng
041 _2eng
_aeng
082 _aZ3:9298, K3
100 _aGriffith J.A.G. Au.
_9689242
245 0 _aPrinciples of administrative law
250 _a4th
260 _aLondon
_bIsaac Pitman and Sons ltd. London
_c1963
300 _axlii,338p
_ccm.
650 _aAdministrative law
_9681514
700 _a Street H. Au.
_9689445
942 _hZ3:9298, K3
_cTEXL
_2CC
999 _c1144354
_d1144354